Les douze Césars / (Record no. 165892)

MARC details
000 -LEADER
campo de control de longitud fija 00980nam a2200241 i 4500
001 - NÚMERO DE CONTROL
campo de control 165892
003 - IDENTIFICADOR DE NÚMERO DE CONTROL
campo de control ES-MaACL
005 - FECHA Y HORA DE LA ÚLTIMA TRANSACCIÓN
campo de control 20250716091807.0
008 - DATOS DE LONGITUD FIJA--INFORMACIÓN GENERAL
campo de control de longitud fija 010320s1861 fr |||| |cfre d
040 ## - FUENTE DE CATALOGACIÓN
Centro catalogador/agencia de origen CCPB | B
Lengua de catalogación spa
Centro/agencia transcriptor CCPB | B
100 1# - ENTRADA PRINCIPAL--NOMBRE DE PERSONA
Nombre de persona Suetonio Tranquilo, Cayo.
9 (RLIN) 108733
245 14 - MENCIÓN DEL TÍTULO
Título Les douze Césars /
Mención de responsabilidad, etc. Suétone ; traduction nouvelle avec le texte latin, un commentaire historique et un index par É. Pessonneaux.
260 ## - PUBLICACIÓN, DISTRIBUCIÓN, ETC.
Lugar de publicación, distribución, etc. Paris :
Nombre del editor, distribuidor, etc. Charpentier, libraire-éditeur,
Fecha de publicación, distribución, etc. 1861 (
Fabricante Imp. Simon Raçon et Comp.)
300 ## - DESCRIPCIÓN FÍSICA
Extensión VII, 648 p. ;
Dimensiones 19 cm.
490 1# - MENCIÓN DE SERIE
Mención de serie Bibliothèque Charpentier. Bibliothèque latine-française
650 #4 - PUNTO DE ACCESO ADICIONAL DE MATERIA--TÉRMINO DE MATERIA
Término de materia o nombre geográfico como elemento de entrada Emperadores-
Subdivisión geográfica Roma-
Subdivisión general Biografías.
9 (RLIN) 162493
651 #4 - PUNTO DE ACCESO ADICIONAL DE MATERIA--NOMBRE GEOGRÁFICO
Nombre geográfico Roma-
Subdivisión general Biografías-
Subdivisión de forma Obras anteriores a 1800.
9 (RLIN) 162509
700 1# - ENTRADA AGREGADA--NOMBRE PERSONAL
Nombre de persona Pessonneaux, Émile.
9 (RLIN) 131064
752 ## - ENTRADA AGREGADA--NOMBRE JERÁRQUICO DEL LUGAR
País o entidad superior Francia -
Ciudad París
830 10 - PUNTO DE ACCESO ADICIONAL DE SERIE-TÍTULO UNIFORME
Título uniforme Bibliothèque Charpentier
9 (RLIN) 182245
852 ## - LOCALIZACIÓN
Ubicación ES-MaACL
Número de control de estantería D-3208
Nota libre - Enc. hol.
Holdings
Estatus retirado Estado de pérdida Estado de daño No para préstamo Colección Biblioteca de origen Biblioteca actual Ubicación en estantería Fecha de adquisición Fuente de adquisición Total de préstamos Signatura topográfica completa Código de barras Visto por última vez Precio de reemplazo Tipo de ítem Koha
        Libros del s. XIX Biblioteca del Ateneo de Madrid Biblioteca del Ateneo de Madrid Sala Valle Inclán 17/01/2008     D-3208 901173974 23/02/2023 23/02/2023 Libro impreso antiguo